LEADER 00828cam0 2200265 450 001 E600200048563 005 20251218101010.0 100 $a20090430d1946 |||||ita|0103 ba 101 $afre 102 $aFR 200 1 $a<>chemin des écoliers$fMarcel Aymé 210 $aParis$cÉditions Gallimard$d1946 215 $a252 p.$d18 cm 225 2 $aFolio$v143 410 1$1001LAEC00016617$12001 $a*Folio$v143 700 1$aAYME'$b, Marcel$3AF00006847$4070$0391061 801 0$aIT$bUNISOB$c20251218$gRICA 850 $aUNISOB 852 $aUNISOB$j840$m21773 912 $aE600200048563 940 $aM 102 Monografia moderna SBN 941 $aM 957 $a840$b001879$gSi$d21773$racquisto$1pregresso2$2UNISOB$3UNISOB$420090430094016.0$520251218093540.0$6bethb 996 $aChemin des écoliers$9987785 997 $aUNISOB